Obmedzenie zadlženia domácností v prostredí nízkych úrokových mier – prípad Slovenska

Expanzia na trhu úverov pre domácností na Slovensku a zhodnotenie pokusov Národnej banky Slovenska (NBS) smerujúce k tlmeniu tejto úverovej expanzie. Vývoj úverov pre domácnosti na Slovensku po globálnej hospodárskej kríze - rast úverov na bývanie. Vplyv opatrení NBS na finančný trh, s dôrazom na po...

ver descrição completa

Na minha lista:
Detalhes bibliográficos
Autor principal: Dudáš, Tomáš, 1976-
Formato: Capítulo de Livro
Idioma:eslovaco
Assuntos:
Tags: Adicionar Tag
Sem tags, seja o primeiro a adicionar uma tag!

MARC

LEADER 00000naa$a2200000$$$4500
001 0249511
005 20240502074005.5
041 0 |a slo 
044 |a SK 
245 1 0 |a Obmedzenie zadlženia domácností v prostredí nízkych úrokových mier – prípad Slovenska  |c Tomáš Dudáš 
520 |a Expanzia na trhu úverov pre domácností na Slovensku a zhodnotenie pokusov Národnej banky Slovenska (NBS) smerujúce k tlmeniu tejto úverovej expanzie. Vývoj úverov pre domácnosti na Slovensku po globálnej hospodárskej kríze - rast úverov na bývanie. Vplyv opatrení NBS na finančný trh, s dôrazom na posledné opatrenia, ktoré nadobudnú platnosť v júli 2018. 
610 2 0 |a banky 
610 2 0 |a úver 
610 2 0 |a úver hypotekárny 
610 2 0 |a bývanie 
610 2 0 |a domácnosti 
610 2 0 |a zadlženosť 
610 2 0 |a pôžičky obyvateľstvu 
100 1 |a Dudáš, Tomáš, 1976-